| 000 | 00701nam a2200229Ia 4500 | ||
|---|---|---|---|
| 001 | 15904 | ||
| 003 | GE_BSU | ||
| 008 | 181216s||||||||xx |||||||||||||| ||und|| | ||
| 040 | _cGE_BSU | ||
| 080 | _a821.353.1-32 | ||
| 100 | _aხალვაში, ფრიდონ | ||
| 245 | _aბიძაშვილი | ||
| 245 | _bმოთხრობები | ||
| 245 | _cრედ.ა.ახვლედიანი. მხ. ლ.სეიდიშვილი | ||
| 260 | _aბათუმი | ||
| 260 | _bსაბჭ. აჭარა | ||
| 260 | _c1973 | ||
| 300 | _a135გვ. ; 21სმ | ||
| 653 | _aბიძაშვილი | ||
| 653 | _aმოთხრობები | ||
| 942 | _cBK | ||
| 999 |
_c48999 _d48999 |
||